| 000 | 00567nam a22001817a 4500 | ||
|---|---|---|---|
| 999 |
_c331021 _d331021 |
||
| 003 | NUST | ||
| 005 | 20180117090030.0 | ||
| 008 | 170829b xxu||||| |||| 00| 0 eng d | ||
| 020 | _a9780335234189 | ||
| 040 | _cNUST | ||
| 082 | _a371.14124 WES | ||
| 100 |
_aWestergaard, Jane _94410 |
||
| 245 | _aEffective group work with young people | ||
| 260 |
_aNewyork _bMcGraw-Hill _c2009 |
||
| 300 | _a175 p, | ||
| 942 |
_2ddc _cBK |
||